|
|
|
|
| LEADER |
03246nam a22003853i 4500 |
| 001 |
EBC6754117 |
| 003 |
MiAaPQ |
| 005 |
20231204023219.0 |
| 006 |
m o d | |
| 007 |
cr cnu|||||||| |
| 008 |
231204s2018 xx o ||||0 ger d |
| 020 |
|
|
|a 9783839442005
|q (electronic bk.)
|
| 020 |
|
|
|z 9783837642001
|
| 035 |
|
|
|a (MiAaPQ)EBC6754117
|
| 035 |
|
|
|a (Au-PeEL)EBL6754117
|
| 035 |
|
|
|a (OCoLC)1152982176
|
| 040 |
|
|
|a MiAaPQ
|b eng
|e rda
|e pn
|c MiAaPQ
|d MiAaPQ
|
| 100 |
1 |
|
|a Switek, Niko.
|
| 245 |
1 |
0 |
|a Politik in Fernsehserien :
|b Analysen und Fallstudien zu House of Cards, Borgen & Co.
|
| 250 |
|
|
|a 1st ed.
|
| 264 |
|
1 |
|a Bielefeld :
|b transcript,
|c 2018.
|
| 264 |
|
4 |
|c ©2018.
|
| 300 |
|
|
|a 1 online resource (402 pages)
|
| 336 |
|
|
|a text
|b txt
|2 rdacontent
|
| 337 |
|
|
|a computer
|b c
|2 rdamedia
|
| 338 |
|
|
|a online resource
|b cr
|2 rdacarrier
|
| 490 |
1 |
|
|a Edition Politik ;
|v v.55
|
| 505 |
0 |
|
|a Intro -- Inhalt -- Theoretische Ansätze & -- amp -- analytische Zugänge -- Spiegel, Daten, Narrative Politikwissenschaftliche Zugänge zu politischen Fernsehserien -- Polit-Serien im Fernsehen Gegenstandsbestimmung, Stand der Forschung und neue Perspektiven -- Politik in Serie(n) Die Politik, das Politische und die Tragödie -- Filme zwischen künstlerischer Freiheit und politischer Erkenntnis Zum Realitätsgehalt fiktionaler Medien -- FALLSTUDIEN POLITISCHER FERNSEHSERIEN -- Eichwald, MdB Überleben im Haifischbecken Berlin-Mitte -- Eurokrise, Sex und Klimawandel Krisenmanagement in der britischen Sitcom Yes, Prime Minister -- The Thick of It Macht, Medien und Marionetten -- Spiel der Kräfte Politik, Medien und Familie in Borgen -- Sex, Drugs and Politics Die Polit-Serie Marseille -- Gomorrha Mafia und Staat im Verhältnis -- House of Cards The American Machiavelli -- Fernsehserien und die Wahrnehmung der US-Präsidentschaft Einstellungen, politischer Zynismus und House of Cards -- Veep Das Amt des Vizepräsidenten der USA als institutionalisierte Bedeutungslosigkeit? -- „Whatever it takes" 24 und die Normalisierung des Ausnahmezustandes -- 人民的名义 (Im Namen des Volkes) versus House of Cards Polit-Serien als Legitimierungsinstrument aktueller chinesischer Reformpolitik -- Sind Drachen, Zombies und Aliens politisch?! Das Politische in der Phantastik am Beispiel der SF-Serie The Expanse -- REFLEKTION & -- amp -- DIDAKTISCHER EINSATZ -- Warum eigentlich nicht? Über die Unmöglichkeit, deutsches Politikmanagement im Fernsehen abzubilden -- Polit-Serien im Fachunterricht Empirische Befunde zum Medieneinsatz aus Schüler- und Lehrerperspektive -- ANHANG -- Autorinnen- und Autorenverzeichnis.
|
| 588 |
|
|
|a Description based on publisher supplied metadata and other sources.
|
| 590 |
|
|
|a Electronic reproduction. Ann Arbor, Michigan : ProQuest Ebook Central, 2023. Available via World Wide Web. Access may be limited to ProQuest Ebook Central affiliated libraries.
|
| 655 |
|
4 |
|a Electronic books.
|
| 776 |
0 |
8 |
|i Print version:
|a Switek, Niko
|t Politik in Fernsehserien
|d Bielefeld : transcript,c2018
|z 9783837642001
|
| 797 |
2 |
|
|a ProQuest (Firm)
|
| 830 |
|
0 |
|a Edition Politik
|
| 856 |
4 |
0 |
|u https://ebookcentral.proquest.com/lib/matrademy/detail.action?docID=6754117
|z Click to View
|